[Event "Bayern-chI Bank Hofmann 25th"]
[Site "Tegernsee"]
[Date "2022.11.07"]
[Round "3"]
[White "Kastek, Thomas"]
[Black "Weber, Ulrich"]
[Result "1/2-1/2"]
[WhiteElo "2132"]
[BlackElo "2344"]
[PlyCount "106"]
[EventDate "2022.11.05"]
[EventType "swiss"]
[EventRounds "9"]
[EventCountry "GER"]
[SourceTitle "CBM 211 Extra"]
[Source "ChessBase"]
[SourceDate "2023.01.31"]
[SourceVersion "1"]
[SourceVersionDate "2023.01.31"]
[SourceQuality "1"]

1. d4 g6 2. Nf3 Bg7 3. c4 Nf6 4. e3 0-0 5. Be2 d6 6. 0-0 Nbd7 7. Nc3 e5 8. Qc2 Re8 9. Rd1 e4 10. Nd2 Qe7 11. b4 Nf8 12. Bb2 h5 13. a4 Bf5 14. Rdc1 N8h7 15. b5 h4 16. h3 Qd7 17. Qd1 g5 18. a5 a6 19. bxa6 bxa6 20. Ba3 Rab8 21. Rab1 Rxb1 22. Rxb1 Qc8 23. Rb3 Bh6 24. c5 dxc5 25. Bxc5 Nd7 26. Ba3 Nhf6 27. Nf1 Nb8 28. Nh2 Nc6 29. Rb1 Bd7 30. Qf1 Nxa5 31. Bxa6 Qa8 32. Bc5 Be6 33. Bb5 c6 34. Be2 Nb3 35. Qd1 Nxc5 36. dxc5 Bg7 37. Qc2 Bf5 38. Ng4 Bxg4 39. hxg4 Qa5 40. Na4 Ra8 41. Nb6 Rd8 42. Rd1 Rxd1+ 43. Qxd1 Qxc5 44. Nd7 Qc3 45. Nxf6+ Bxf6 46. Qb1 Qe5 47. Bc4 Kg7 48. Bb3 c5 49. Bc4 Be7 50. Qd1 Bd6 51. Qd5 Qa1+ 52. Bf1 Qe5 53. Bc4 Qa1+ 1/2-1/2

[Event "Bayern-chI Bank Hofmann 22nd"]
[Site "Tegernsee"]
[Date "2018.10.29"]
[Round "3"]
[White "Colpe, Malte"]
[Black "Kastek, Thomas"]
[Result "1/2-1/2"]
[WhiteElo "2379"]
[BlackElo "2096"]
[PlyCount "102"]
[EventDate "2018.10.27"]
[EventType "swiss"]
[EventRounds "9"]
[EventCountry "GER"]
[SourceTitle "CBM 187 Extra"]
[Source "ChessBase"]
[SourceDate "2018.11.04"]
[SourceVersion "1"]
[SourceVersionDate "2018.11.04"]
[SourceQuality "1"]

1. d4 d5 2. Bf4 c5 3. e3 Nc6 4. c3 Nf6 5. Nd2 e6 6. Ngf3 Bd6 7. Bg3 0-0 8. Bd3 b6 9. e4 Be7 10. e5 Nh5 11. a3 Bd7 12. Qb1 g6 13. b4 cxd4 14. cxd4 Rc8 15. 0-0 f5 16. exf6 Bxf6 17. Qb2 Nxg3 18. hxg3 Qc7 19. Rac1 Qd6 20. Rfe1 Bg7 21. Nb3 Rfe8 22. Ba6 Rcd8 23. Qd2 Rb8 24. Bf1 Rf8 25. Bb5 Rbc8 26. Ba6 Rb8 27. Re2 Nd8 28. Bd3 Ba4 29. Na1 Nc6 30. Nc2 Nd8 31. Ne3 Bd7 32. Ng4 Nc6 33. Bb1 Rbc8 34. Rce1 Rce8 35. Nfe5 Nxe5 36. Nxe5 Bb5 37. Bd3 Bxd3 38. Qxd3 Rc8 39. Nf3 Rfe8 40. Ng5 e5 41. dxe5 Rxe5 42. Rxe5 Bxe5 43. Qa6 Rc7 44. Qb5 Re7 45. Kf1 Kg7 46. Rd1 Rd7 47. Re1 Re7 48. Nf3 Bf6 49. Rxe7+ Bxe7 50. Qe8 Bf6 51. g4 h6 1/2-1/2

[Event "Bayern-chI Bank Hofmann 20th"]
[Site "Bad Wiessee"]
[Date "2016.11.01"]
[Round "4"]
[White "Kastek, Thomas"]
[Black "Schnepp, Gunnar"]
[Result "1/2-1/2"]
[WhiteElo "2037"]
[BlackElo "2338"]
[PlyCount "86"]
[EventDate "2016.10.29"]
[EventType "swiss"]
[EventRounds "9"]
[EventCountry "GER"]
[SourceTitle "CBM 175 Extra"]
[Source "ChessBase"]
[SourceDate "2016.12.12"]
[SourceVersion "1"]
[SourceVersionDate "2016.12.12"]
[SourceQuality "1"]

1. c4 e6 2. g3 d5 3. Bg2 c5 4. cxd5 exd5 5. Nf3 Nc6 6. 0-0 Nf6 7. d4 Be7 8. dxc5 Bxc5 9. Qc2 Be7 10. Nc3 0-0 11. Rd1 h6 12. b3 Bg4 13. Bb2 Rc8 14. Qd2 Bb4 15. a3 Ne4 16. Qd3 Bxf3 17. Qxf3 Nd4 18. Rxd4 Bxc3 19. Bxc3 Nxc3 20. Qd3 Qb6 21. Rb4 Qc6 22. Kf1 b6 23. Rc1 Qf6 24. Bf3 Qe5 25. e3 Rc5 26. Rc2 Rfc8 27. Rd2 Ne4 28. Bxe4 dxe4 29. Rxe4 Qa1+ 30. Rd1 Rc1 31. Rxc1 Qxc1+ 32. Kg2 Qxa3 33. Qd7 Rf8 34. Ra4 Qxb3 35. Rxa7 Rb8 36. e4 b5 37. Qd6 Re8 38. Qd7 Rb8 39. Qd6 Re8 40. Qd7 Rf8 41. Rb7 Qc4 42. Qd5 Re8 43. Rxb5 Qxe4+ 1/2-1/2

[Event "Bayern-chI Bank Hofmann 19th"]
[Site "Bad Wiessee"]
[Date "2015.11.01"]
[Round "2"]
[White "Kastek, Thomas"]
[Black "Neverov, Valeriy"]
[Result "0-1"]
[WhiteElo "2094"]
[BlackElo "2502"]
[PlyCount "58"]
[EventDate "2015.10.31"]
[EventType "swiss"]
[EventRounds "9"]
[EventCountry "GER"]
[SourceTitle "CBM 169 Extra"]
[Source "ChessBase"]
[SourceDate "2015.12.18"]
[SourceVersion "1"]
[SourceVersionDate "2015.12.18"]
[SourceQuality "1"]

1. c4 g6 2. g3 Bg7 3. Bg2 d6 4. Nc3 e5 5. e4 Ne7 6. Nge2 Nbc6 7. d3 0-0 8. Be3 f5 9. Qd2 Nd4 10. Bxd4 exd4 11. Nd5 c6 12. Nxe7+ Qxe7 13. exf5 Bxf5 14. 0-0 Rae8 15. Rae1 Qf7 16. b4 Re5 17. Nc1 Rfe8 18. Rxe5 Rxe5 19. Nb3 Re7 20. Rd1 Qe8 21. Bf1 h5 22. Qf4 Kh7 23. Qc1 Bg4 24. Qc2 Bxd1 25. Qxd1 Re1 26. Qc2 Qe6 27. Kg2 h4 28. Nd2 h3+ 29. Kg1 Qe2 0-1

[Event "Bayern-chI Bank Hofmann 18th"]
[Site "Bad Wiessee"]
[Date "2014.10.26"]
[Round "2"]
[White "Kastek, Thomas"]
[Black "Manolache, Marius"]
[Result "0-1"]
[WhiteElo "2137"]
[BlackElo "2504"]
[PlyCount "70"]
[EventDate "2014.10.25"]
[EventType "swiss"]
[EventRounds "9"]
[EventCountry "GER"]
[SourceTitle "EXT 2015"]
[Source "ChessBase"]
[SourceDate "2014.11.20"]
[SourceVersion "1"]
[SourceVersionDate "2014.11.20"]
[SourceQuality "1"]

1. c4 Nf6 2. g3 g6 3. Bg2 Bg7 4. Nc3 d6 5. e4 Nc6 6. Nge2 h5 7. h3 Bd7 8. d3 a6 9. Bg5 Rb8 10. Qd2 b5 11. Rc1 bxc4 12. dxc4 Ne5 13. b3 Nh7 14. Be3 c5 15. f4 Nc6 16. 0-0 Qc8 17. Kh2 0-0 18. Rcd1 Rb7 19. Nd5 Rd8 20. e5 e6 21. Ndc3 dxe5 22. Bxc5 Be8 23. Qc2 exf4 24. Nxf4 h4 25. Bf2 hxg3+ 26. Bxg3 Rbd7 27. Rxd7 Rxd7 28. Ne4 Nd4 29. Qf2 Nf5 30. Kh1 Rd4 31. Bh2 Bc6 32. Ng3 Nh4 33. Bxc6 Qxc6+ 34. Ng2 Ng5 35. Ne2 Nxh3 0-1

[Event "Bayern-chI Bank Hofmann 12th"]
[Site "Bad Wiessee"]
[Date "2008.11.05"]
[Round "5"]
[White "Pena Gomez, Manuel"]
[Black "Kastek, Thomas"]
[Result "1-0"]
[WhiteElo "2467"]
[BlackElo "2184"]
[PlyCount "81"]
[EventDate "2008.11.01"]
[EventType "swiss"]
[EventRounds "9"]
[EventCountry "GER"]
[SourceTitle "EXT 2009"]
[Source "ChessBase"]
[SourceDate "2008.11.26"]
[SourceVersion "1"]
[SourceVersionDate "2008.11.26"]
[SourceQuality "1"]

1. c4 e6 2. Nf3 Nf6 3. g3 d5 4. Bg2 Be7 5. 0-0 0-0 6. Qc2 c6 7. d3 b6 8. e4 Bb7 9. e5 Nfd7 10. Re1 Re8 11. Nc3 Nf8 12. d4 Na6 13. a3 Nc7 14. b3 Rc8 15. Bb2 Qd7 16. Rad1 Red8 17. Qe2 Qe8 18. h4 Ba6 19. Nb1 Bb7 20. Nbd2 Ba6 21. Qe3 Bb7 22. Qf4 Na6 23. g4 c5 24. h5 cxd4 25. Nxd4 Nc5 26. Qg3 dxc4 27. Nxc4 Bxg2 28. Kxg2 Rd5 29. Nd6 Bxd6 30. exd6 Qd7 31. Nf5 exf5 32. gxf5 f6 33. Rxd5 Qc6 34. Qf3 Nfd7 35. Re7 Rf8 36. Rd1 Qxf3+ 37. Kxf3 Rf7 38. b4 Nb7 39. Rxf7 Kxf7 40. Ke4 Nd8 41. Kd5 1-0

[Event "Bayern-chI Bank Hofmann 11th"]
[Site "Bad Wiessee"]
[Date "2007.11.17"]
[Round "8"]
[White "Kastek, Thomas"]
[Black "Siebrecht, Sebastian"]
[Result "0-1"]
[WhiteElo "2208"]
[BlackElo "2481"]
[PlyCount "116"]
[EventDate "2007.11.10"]
[EventType "swiss"]
[EventRounds "9"]
[EventCountry "GER"]
[SourceTitle "CBM 121 Extra"]
[Source "ChessBase"]
[SourceDate "2008.01.10"]
[SourceVersion "1"]
[SourceVersionDate "2008.01.10"]
[SourceQuality "1"]

1. c4 g6 2. g3 Bg7 3. Bg2 d6 4. Nc3 Nf6 5. e4 0-0 6. Nge2 c5 7. d3 Nc6 8. 0-0 Ne8 9. Be3 Nc7 10. d4 cxd4 11. Nxd4 Ne5 12. b3 Ng4 13. Bc1 Ne6 14. Nde2 a6 15. h3 Ne5 16. Be3 Bd7 17. a4 Nc6 18. Rb1 Rb8 19. Qd2 Re8 20. Rfd1 Nf8 21. Kh2 Ne5 22. Ba7 Ra8 23. Qe3 Be6 24. Bb6 Qb8 25. Bd4 f6 26. Qd2 Nfd7 27. Be3 Bf7 28. Nd5 e6 29. Ndc3 Bf8 30. Nd4 Qc7 31. f4 Nc6 32. Qf2 Bh6 33. Kh1 Rad8 34. Rd2 Re7 35. Rbd1 Na5 36. Rb1 Rde8 37. Rc2 Qb8 38. Nd1 e5 39. Ne2 exf4 40. Bxf4 Bg7 41. Nd4 Nc6 42. Nc3 Nb4 43. Rd2 Nc5 44. Rbd1 Rd7 45. Nc2 f5 46. Rxd6 Rxd6 47. Rxd6 Nbd3 48. Qe3 Nxf4 49. Qxc5 Nxg2 50. Nd5 Rxe4 51. Kxg2 Re2+ 52. Kf3 Rxc2 53. Ne7+ Kh8 54. Qb6 Rc3+ 55. Kf2 Be8 56. Qd8 Bd4+ 57. Ke2 Qxd8 58. Rxd8 Re3+ 0-1

[Event "Bayern-chI Bank Hofmann 10th"]
[Site "Bad Wiessee"]
[Date "2006.11.08"]
[Round "5"]
[White "Faibisovich, Vadim Z"]
[Black "Kastek, Thomas"]
[Result "1-0"]
[WhiteElo "2407"]
[BlackElo "2218"]
[PlyCount "67"]
[EventDate "2006.11.04"]
[EventType "swiss"]
[EventRounds "9"]
[EventCountry "GER"]
[SourceTitle "EXT 2007"]
[Source "ChessBase"]
[SourceDate "2006.11.23"]
[SourceVersion "1"]
[SourceVersionDate "2006.11.23"]
[SourceQuality "1"]

1. e4 e6 2. d4 d5 3. Nd2 Be7 4. Ngf3 Nf6 5. e5 Nfd7 6. Bd3 c5 7. c3 cxd4 8. cxd4 b6 9. Qe2 a5 10. Bb5 Ba6 11. a4 Qc8 12. 0-0 Nc6 13. Nb1 Bxb5 14. axb5 Nb4 15. Na3 Qb7 16. Bg5 Bxg5 17. Nxg5 h6 18. Nh3 g6 19. Rac1 0-0 20. Rc3 f5 21. exf6 Rxf6 22. Qe3 Na2 23. Rc6 Nf8 24. Qxh6 Rc8 25. Rxc8 Qxc8 26. Qd2 Nb4 27. Nf4 Qb8 28. g3 Qd6 29. Re1 Rf7 30. h4 Rf5 31. Qe3 Kf7 32. Nh3 Ke7 33. Ng5 Kd7 34. Nf3 1-0

[Event "Bayern-chI Bank Hofmann 9th"]
[Site "Bad Wiessee"]
[Date "2005.11.04"]
[Round "7"]
[White "Hedke, Fred"]
[Black "Kastek, Thomas"]
[Result "1-0"]
[WhiteElo "2339"]
[BlackElo "2209"]
[PlyCount "65"]
[EventDate "2005.10.29"]
[EventType "swiss"]
[EventRounds "9"]
[EventCountry "GER"]
[SourceTitle "EXT 2006"]
[Source "ChessBase"]
[SourceDate "2005.11.24"]
[SourceVersion "1"]
[SourceVersionDate "2005.11.24"]
[SourceQuality "1"]

1. e4 d6 2. d4 Nf6 3. Nc3 e5 4. Nf3 Nbd7 5. h3 Be7 6. Be3 c6 7. a4 a5 8. Bc4 0-0 9. Ba2 Qc7 10. 0-0 h6 11. Nh4 Re8 12. Nf5 Bf8 13. f4 exd4 14. Bxd4 g6 15. Nh4 Bg7 16. Qd3 Nf8 17. e5 Nd5 18. Bxd5 cxd5 19. Nb5 Qe7 20. Nxd6 Qxh4 21. Nxe8 Bf5 22. Qb5 Bd7 23. Nf6+ Bxf6 24. Qxb7 Rc8 25. exf6 Rxc2 26. Rf2 Rxf2 27. Bxf2 Qxf4 28. Qxd5 Qxf6 29. Bd4 Qe6 30. Qxe6 Nxe6 31. Bb6 Nf4 32. Bxa5 Bc6 33. Bc7 1-0

[Event "Hamburg Junge op"]
[Site "Hamburg"]
[Date "2005.10.04"]
[Round "4"]
[White "Kastek, Thomas"]
[Black "Heroiu, Alexandru"]
[Result "1/2-1/2"]
[WhiteElo "2209"]
[BlackElo "1988"]
[PlyCount "119"]
[EventDate "2005.10.01"]
[EventType "swiss"]
[EventRounds "9"]
[EventCountry "GER"]
[SourceTitle "CBM 108 Extra"]
[Source "ChessBase"]
[SourceDate "2005.11.04"]
[SourceVersion "1"]
[SourceVersionDate "2005.11.04"]
[SourceQuality "1"]

1. c4 g6 2. g3 Bg7 3. Bg2 Nf6 4. Nc3 0-0 5. d3 d6 6. Bg5 h6 7. Bd2 e5 8. e4 Nc6 9. Nge2 a5 10. 0-0 Nd7 11. Be3 Nd4 12. Qd2 Kh7 13. f4 f5 14. Rae1 Nc5 15. Kh1 c6 16. Bg1 Bd7 17. Nxd4 exd4 18. Ne2 Ne6 19. Bf2 Qb6 20. Ng1 Qb4 21. Qc2 Nc5 22. e5 dxe5 23. fxe5 Ne6 24. Nf3 c5 25. Re2 Rae8 26. Qc1 Re7 27. Be1 Qb6 28. Bd2 Rfe8 29. Qe1 a4 30. h4 Nd8 31. Kh2 Nc6 32. Bf4 Qd8 33. Bh3 Qc8 34. Rg1 Rf8 35. Qd2 Qe8 36. Rge1 Nd8 37. Bg2 Ne6 38. Kg1 Bc6 39. Nh2 Bxg2 40. Kxg2 Qc6+ 41. Nf3 Rfe8 42. Kf2 Nd8 43. Rg1 Nf7 44. Rge1 Re6 45. Qc1 R8e7 46. Qd2 b6 47. Qc1 Qe8 48. Kg2 Bxe5 49. Nxe5 Nxe5 50. Bxe5 Rxe5 51. Rxe5 Rxe5 52. Rxe5 Qxe5 53. Qd2 Kg7 54. Qf2 Kf6 55. Qf3 g5 56. Qh5 gxh4 57. Qxh6+ Kf7 58. Qh5+ Ke7 59. gxh4 Qf4 60. Qf3 1/2-1/2

[Event "Hamburg Junge op"]
[Site "Hamburg"]
[Date "2005.10.02"]
[Round "2"]
[White "Kastek, Thomas"]
[Black "Castle, Kenneth"]
[Result "1/2-1/2"]
[WhiteElo "2209"]
[BlackElo "1941"]
[PlyCount "50"]
[EventDate "2005.10.01"]
[EventType "swiss"]
[EventRounds "9"]
[EventCountry "GER"]
[SourceTitle "CBM 108 Extra"]
[Source "ChessBase"]
[SourceDate "2005.11.04"]
[SourceVersion "1"]
[SourceVersionDate "2005.11.04"]
[SourceQuality "1"]

1. c4 e5 2. g3 d6 3. Bg2 f5 4. d4 e4 5. Nc3 Nf6 6. f3 exf3 7. Nxf3 Be7 8. 0-0 0-0 9. d5 Nbd7 10. Nd4 Ne5 11. Nxf5 Nxc4 12. b3 Bxf5 13. Rxf5 Ne5 14. e4 Nfg4 15. h3 Rxf5 16. exf5 Nf6 17. Be3 a6 18. Ne2 Qd7 19. Nd4 c5 20. dxc6 bxc6 21. Rc1 d5 22. Bf4 Bd6 23. Qe2 Qa7 24. Be3 Bc5 25. Qd2 Ne4 1/2-1/2

[Event "Hamburg Junge op"]
[Site "Hamburg"]
[Date "2005.10.01"]
[Round "1"]
[White "Adloff, Ralf"]
[Black "Kastek, Thomas"]
[Result "1/2-1/2"]
[WhiteElo "1954"]
[BlackElo "2209"]
[PlyCount "93"]
[EventDate "2005.10.01"]
[EventType "swiss"]
[EventRounds "9"]
[EventCountry "GER"]
[SourceTitle "CBM 108 Extra"]
[Source "ChessBase"]
[SourceDate "2005.11.04"]
[SourceVersion "1"]
[SourceVersionDate "2005.11.04"]
[SourceQuality "1"]

1. d4 e6 2. Nf3 c5 3. e3 Nf6 4. Bd3 Nc6 5. 0-0 d5 6. b3 Be7 7. Bb2 0-0 8. Nbd2 b6 9. Ne5 Bb7 10. a3 Nd7 11. f4 f5 12. Ndf3 Rc8 13. Qe2 Ndxe5 14. Nxe5 Qc7 15. c4 Na5 16. Qc2 g6 17. Rac1 dxc4 18. bxc4 Nc6 19. Rfd1 Nxe5 20. dxe5 Qc6 21. Bf1 Rfd8 22. Rxd8+ Rxd8 23. Rd1 Rxd1 24. Qxd1 Kf7 25. Bc3 a6 26. Qb3 Bd8 27. Be1 Qd7 28. Qd3 Qxd3 29. Bxd3 Bc6 30. Kf2 Ke8 31. Bc2 b5 32. e4 Kd7 33. Ke3 Be7 34. cxb5 axb5 35. g3 Bd8 36. h3 Be7 37. g4 Bxe4 38. Bxe4 fxe4 39. Kxe4 Kc6 40. Bd2 b4 41. axb4 cxb4 42. f5 exf5+ 43. gxf5 gxf5+ 44. Kxf5 b3 45. Bc1 Kd5 46. Bb2 h5 47. e6 1/2-1/2

[Event "Oberliga Nord N 0405"]
[Site "Germany"]
[Date "2005.04.10"]
[Round "9.6"]
[White "Kastek, Thomas"]
[Black "Salov, Sergej"]
[Result "0-1"]
[WhiteElo "2223"]
[BlackElo "2291"]
[PlyCount "64"]
[EventDate "2004.10.24"]
[EventType "team-tourn"]
[EventRounds "9"]
[EventCountry "GER"]
[SourceTitle "EXT 2006"]
[Source "ChessBase"]
[SourceDate "2005.11.24"]
[SourceVersion "1"]
[SourceVersionDate "2005.11.24"]
[SourceQuality "1"]
[WhiteTeam "Hamburger SK III"]
[BlackTeam "Luebeck II"]
[WhiteTeamCountry "GER"]
[BlackTeamCountry "GER"]

1. d4 Nf6 2. c4 d6 3. Nf3 g6 4. Nc3 Nbd7 5. e4 e5 6. Be2 Bg7 7. 0-0 0-0 8. d5 Nc5 9. Qc2 a5 10. Bg5 h6 11. Bh4 g5 12. Bg3 Nh5 13. Nd2 Nf4 14. Rfe1 f5 15. exf5 Bxf5 16. Nde4 Qe8 17. Bf1 Qg6 18. f3 h5 19. Qd2 b6 20. Kh1 Bh6 21. Bxf4 gxf4 22. Bd3 Nxd3 23. Qxd3 Kh8 24. b3 Rg8 25. Qd2 Rg7 26. Qf2 Bg5 27. Rg1 Be7 28. a3 Qe8 29. b4 h4 30. h3 Qd7 31. Nd2 Rg3 32. Nf1 axb4 0-1

[Event "Oberliga Nord N 0405"]
[Site "Germany"]
[Date "2005.03.13"]
[Round "8.4"]
[White "Feuerstack, Aljoscha"]
[Black "Kastek, Thomas"]
[Result "1/2-1/2"]
[WhiteElo "2286"]
[BlackElo "2223"]
[PlyCount "113"]
[EventDate "2004.10.24"]
[EventType "team-tourn"]
[EventRounds "9"]
[EventCountry "GER"]
[SourceTitle "EXT 2006"]
[Source "ChessBase"]
[SourceDate "2005.11.24"]
[SourceVersion "1"]
[SourceVersionDate "2005.11.24"]
[SourceQuality "1"]
[WhiteTeam "Norderstedt"]
[BlackTeam "Hamburger SK III"]
[WhiteTeamCountry "GER"]
[BlackTeamCountry "GER"]

1. e4 e6 2. d4 d5 3. Nd2 Be7 4. c3 c5 5. Ngf3 Nc6 6. Bb5 a6 7. exd5 axb5 8. dxc6 bxc6 9. dxc5 Bxc5 10. Qe2 Nf6 11. Ne5 Qc7 12. Ndf3 Ra4 13. b4 Bd6 14. 0-0 Nd5 15. Bb2 0-0 16. Rfe1 f6 17. Nd3 e5 18. Nd2 Qf7 19. Ne4 Bb8 20. Nec5 Ra7 21. a4 bxa4 22. Nxa4 Qg6 23. c4 Bf5 24. Nxe5 fxe5 25. cxd5 cxd5 26. Bxe5 Re7 27. f4 Bxe5 28. fxe5 Be4 29. Nc5 Rxe5 30. Ra5 Qf5 31. Qb2 Bxg2 32. Raa1 Rxe1+ 33. Rxe1 Bh3 34. Qe2 Qg5+ 35. Kh1 d4 36. Qe4 Bc8 37. Ne6 Bxe6 38. Qxe6+ Kh8 39. Rg1 Qf6 40. Qxf6 Rxf6 41. Rg5 g6 42. Rd5 Rf4 43. Kg2 d3 44. b5 Rb4 45. Rxd3 Rxb5 46. h4 Rb4 47. Rg3 Kg7 48. Kh3 Kf6 49. Rg5 Rb3+ 50. Kg2 Re3 51. Kh2 Re5 52. Rg3 Re4 53. Kh3 Kf5 54. Rg5+ Kf6 55. Rg3 Re1 56. Kh2 Re6 57. Rg5 1/2-1/2

[Event "Oberliga Nord N 0405"]
[Site "Germany"]
[Date "2005.02.13"]
[Round "7.4"]
[White "Kastek, Thomas"]
[Black "Dietz, Juergen"]
[Result "1/2-1/2"]
[WhiteElo "2223"]
[BlackElo "2263"]
[PlyCount "83"]
[EventDate "2004.10.24"]
[EventType "team-tourn"]
[EventRounds "9"]
[EventCountry "GER"]
[SourceTitle "EXT 2006"]
[Source "ChessBase"]
[SourceDate "2005.11.24"]
[SourceVersion "1"]
[SourceVersionDate "2005.11.24"]
[SourceQuality "1"]
[WhiteTeam "Hamburger SK III"]
[BlackTeam "Hamburg SV 1934"]
[WhiteTeamCountry "GER"]
[BlackTeamCountry "GER"]

1. d4 f5 2. g3 Nf6 3. Bg2 g6 4. Nf3 Bg7 5. 0-0 0-0 6. b4 Nc6 7. b5 Na5 8. Nbd2 d5 9. Bb2 a6 10. bxa6 Rxa6 11. Ne5 Be6 12. Nb3 Ne4 13. f3 Nxb3 14. axb3 Rxa1 15. Bxa1 Nd6 16. Nd3 Qa8 17. Qd2 Qa7 18. Nc5 Bf7 19. Bb2 Ra8 20. Ra1 Qb8 21. Qc1 Ra7 22. e3 Qa8 23. Rxa7 Qxa7 24. Bf1 b6 25. Nd3 Bf6 26. Kf2 Be8 27. Nf4 Bf7 28. Nd3 Kg7 29. Qa1 Qxa1 30. Bxa1 g5 31. Bb2 Be8 32. Ba3 Nf7 33. Nb4 e6 34. Na2 e5 35. Nc3 c6 36. dxe5 Bxe5 37. Na4 b5 38. Nc5 Bc3 39. Nd3 Kf6 40. Bc5 Ne5 41. Bd4 Bxd4 42. exd4 1/2-1/2

[Event "Oberliga Nord N 0405"]
[Site "Germany"]
[Date "2005.01.30"]
[Round "6.5"]
[White "Kastek, Thomas"]
[Black "Van Riesen, Klaus"]
[Result "0-1"]
[WhiteElo "2223"]
[BlackElo "2118"]
[PlyCount "76"]
[EventDate "2004.10.24"]
[EventType "team-tourn"]
[EventRounds "9"]
[EventCountry "GER"]
[SourceTitle "EXT 2006"]
[Source "ChessBase"]
[SourceDate "2005.11.24"]
[SourceVersion "1"]
[SourceVersionDate "2005.11.24"]
[SourceQuality "1"]
[WhiteTeam "Hamburger SK III"]
[BlackTeam "Pinneberg"]
[WhiteTeamCountry "GER"]
[BlackTeamCountry "GER"]

1. d4 Nf6 2. c4 d6 3. Nc3 e5 4. Nf3 Nbd7 5. e4 g6 6. Be2 Bg7 7. 0-0 0-0 8. Re1 c6 9. d5 c5 10. Bg5 h6 11. Bh4 g5 12. Bg3 Nh5 13. Nd2 Nf4 14. Nf1 Nxe2+ 15. Qxe2 f5 16. exf5 Rxf5 17. Rab1 Rf7 18. Ne4 Nf6 19. Nxf6+ Qxf6 20. Ne3 Bd7 21. a3 Raf8 22. b4 b6 23. bxc5 bxc5 24. Rb7 Qg6 25. Rb3 Ba4 26. Rbb1 h5 27. h4 Bf6 28. Bh2 gxh4 29. Rf1 Rg7 30. Rbc1 h3 31. g3 Rgf7 32. Nd1 Bd7 33. Nc3 Bf5 34. Kh1 Bd3 35. Qd2 Bg5 36. f4 Bxf1 37. Rxf1 Kh8 38. Ne2 Qe4+ 0-1

[Event "Hamburg-ch"]
[Site "Hamburg"]
[Date "1988.??.??"]
[Round "?"]
[White "Wegner, Hannu"]
[Black "Kastek, Thomas"]
[Result "0-1"]
[WhiteElo "2320"]
[BlackElo "2255"]
[PlyCount "116"]
[EventDate "1988.??.??"]
[EventType "tourn"]
[EventRounds "9"]
[EventCountry "GER"]
[EventCategory "1"]
[SourceTitle "EXT 1997"]
[Source "ChessBase"]
[SourceDate "1996.11.15"]
[SourceVersion "1"]
[SourceVersionDate "1996.11.15"]
[SourceQuality "1"]

1. e4 e5 2. Nf3 d6 3. d4 Nf6 4. Nc3 Nbd7 5. Bc4 Be7 6. 0-0 0-0 7. Re1 c6 8. a4 b6 9. h3 Bb7 10. dxe5 Nxe5 11. Nxe5 dxe5 12. Qf3 Qc7 13. Bg5 Rad8 14. Ne2 Ne8 15. Bxe7 Qxe7 16. Rad1 Nd6 17. Bb3 Bc8 18. Ng3 Nb7 19. c3 g6 20. Bc2 Rxd1 21. Rxd1 Rd8 22. Nf1 Rxd1 23. Qxd1 Qd6 24. Qe2 Nc5 25. b4 Ne6 26. g3 Kg7 27. h4 Nc7 28. Bd3 Ne8 29. Nd2 Nf6 30. Nc4 Qc7 31. a5 Be6 32. axb6 axb6 33. Qe3 Nd7 34. h5 f6 35. h6+ Kf7 36. f4 Bxc4 37. Bxc4+ Ke7 38. Qd2 Qd6 39. Qxd6+ Kxd6 40. Bg8 Nf8 41. Kf2 Kc7 42. Ke3 Kd6 43. Kf3 Kd7 44. Ke3 Ke7 45. Kd3 Kd7 46. Kc4 Kd6 47. b5 c5 48. Kd3 Ke7 49. fxe5 fxe5 50. Kc4 Kd6 51. g4 g5 52. Bf7 Nd7 53. Kd3 Nf6 54. Bh5 Ke7 55. c4 Nxh5 56. gxh5 g4 57. Ke3 Kf6 58. Kf2 Kg5 0-1

[Event "Noviki-D"]
[Site "Budapest"]
[Date "1987.??.??"]
[Round "?"]
[White "Haag, Ervin"]
[Black "Kastek, Thomas"]
[Result "0-1"]
[WhiteElo "2415"]
[BlackElo "2310"]
[PlyCount "128"]
[EventDate "1987.09.08"]
[EventType "tourn"]
[EventRounds "9"]
[EventCountry "HUN"]
[SourceTitle "TD"]
[Source "ChessBase"]
[SourceDate "1994.03.01"]
[SourceVersion "1"]
[SourceVersionDate "1994.03.01"]
[SourceQuality "1"]

1. e4 c5 2. Nf3 e6 3. d4 cxd4 4. Nxd4 Nc6 5. Nc3 d6 6. Be3 Nf6 7. f4 Be7 8. Qf3 a6 9. 0-0-0 Qc7 10. h3 0-0 11. g4 Nxd4 12. Bxd4 b5 13. Bd3 Bb7 14. g5 Nd7 15. Rhg1 b4 16. Ne2 Nc5 17. Kb1 Rfc8 18. Bxc5 Qxc5 19. f5 exf5 20. Qxf5 g6 21. Qf4 Bf8 22. Rdf1 Rc7 23. h4 Bg7 24. h5 Bc8 25. hxg6 fxg6 26. Qc1 Be6 27. Nf4 Bf7 28. Rg3 Qa5 29. Nd5 Bxd5 30. exd5 Qxd5 31. Rgf3 a5 32. Qe3 Qe5 33. Qxe5 Bxe5 34. Be4 Re8 35. Bd5+ Kg7 36. Kc1 Rec8 37. Bb3 d5 38. Re1 Re7 39. Kd1 Bd6 40. Ref1 Rd7 41. Ba4 Rdc7 42. Rd3 Be7 43. Rg1 Rf8 44. Rxd5 Rd8 45. Rxd8 Bxd8 46. Ke2 Rc5 47. Rd1 Bxg5 48. Rd7+ Kh6 49. Kd3 Bf6 50. Bb3 Bxb2 51. Bg8 Bg7 52. Bd5 Be5 53. Bg8 Bg7 54. Bd5 Rc3+ 55. Kd2 Be5 56. Bg8 Rc7 57. Rxc7 Bxc7 58. c3 Kg7 59. Bd5 bxc3+ 60. Kxc3 h5 61. Kd4 g5 62. Ke4 Kg6 63. Bc6 g4 64. Be8+ Kg5 0-1

[Event "Noviki-D"]
[Site "Budapest"]
[Date "1987.??.??"]
[Round "?"]
[White "Kastek, Thomas"]
[Black "Miniboeck, Guenter"]
[Result "0-1"]
[WhiteElo "2310"]
[BlackElo "2315"]
[PlyCount "36"]
[EventDate "1987.09.08"]
[EventType "tourn"]
[EventRounds "9"]
[EventCountry "HUN"]
[SourceTitle "TD"]
[Source "ChessBase"]
[SourceDate "1994.03.01"]
[SourceVersion "1"]
[SourceVersionDate "1994.03.01"]
[SourceQuality "1"]

1. d4 Nf6 2. c4 e6 3. Nc3 Bb4 4. e3 c5 5. Nge2 cxd4 6. exd4 d5 7. a3 Be7 8. c5 b6 9. b4 0-0 10. g3 bxc5 11. dxc5 a5 12. Rb1 Nc6 13. Bg2 Rb8 14. b5 Bxc5 15. bxc6 Rxb1 16. Nxb1 Qb6 17. Be3 Bxe3 18. fxe3 Ng4 0-1

[Event "Noviki-D"]
[Site "Budapest"]
[Date "1987.??.??"]
[Round "?"]
[White "Wegner, Hannu"]
[Black "Kastek, Thomas"]
[Result "1/2-1/2"]
[WhiteElo "2370"]
[BlackElo "2310"]
[PlyCount "23"]
[EventDate "1987.09.08"]
[EventType "tourn"]
[EventRounds "9"]
[EventCountry "HUN"]
[SourceTitle "TD"]
[Source "ChessBase"]
[SourceDate "1994.03.01"]
[SourceVersion "1"]
[SourceVersionDate "1994.03.01"]
[SourceQuality "1"]

1. d4 d5 2. c4 c6 3. Nf3 Nf6 4. Nc3 dxc4 5. a4 Bf5 6. Ne5 e6 7. f3 Bb4 8. Bg5 Qa5 9. Bd2 Qd8 10. Bg5 Qa5 11. Bd2 Qd8 12. Bg5 1/2-1/2